Statistics for Rocket League Painted Octanes :)

Click here to take the quiz!

General Stats

  • This quiz has been taken 102 times
  • The average score is 10 of 12

Answer Stats

octaneAnswer% Correct
octanesky blue
96%
octanecrimson
87%
octanepink
87%
octanecobalt
85%
octaneorange
85%
octanewhite
85%
octanepurple
84%
octanesaffron
82%
octanelime
81%
octaneforest green
79%
octanegrey
79%
octaneburnt sienna
73%

Score Distribution

Percentile by Number Answered

Percent of People with Each Score

Your Score History

You have not taken this quiz